000 00861nam a2200205Ii 4500
003 JO-AjNU
008 230605s9999||||xx |||||||||||||| ||und||
040 _aJO-AjNU
_bara
_erda
_cJO-AjNU
041 _aara
050 1 4 _aKMJ690.M3464.1988
100 3 _aتأليف المالكي، عبد الكاظم فارس مؤلف ، م . مشارك جبار صابر ,
_eauthor
_947072
245 0 0 _aأحكام قانون التنفيذ رقم 54 لسنة 1980
250 _a(د،ط)
264 3 1 _aالعراق : وزارة التعليم العالي والبحث العلمي ، 1988
300 _a274ص
_bيشتمل على مراجع ببلوغرافية ص ( 269 -272 )
336 _atext
_btxt
_2rdacontent
337 _aunmediated
_bn
_2rdamedia
338 _avolume
_bnc
_2rdacarrier
650 4 _aتنفيذ أحكام -- قوانين -- العراق
_947073
999 _aA20523
_c24091
_d24091